At the very heart of government (Record no. 118178)
[ view plain ]
| 000 -LEADER | |
|---|---|
| fixed length control field | 01604cam a2200313 4500 |
| 001 - CONTROL NUMBER | |
| control field | ABS68386 |
| 008 - FIXED-LENGTH DATA ELEMENTS--GENERAL INFORMATION | |
| fixed length control field | 041018n2004 000 0 eng u |
| 035 ## - SYSTEM CONTROL NUMBER | |
| System control number | (Sirsi) u127732 |
| 100 ## - MAIN ENTRY--PERSONAL NAME | |
| Personal name | Chambers, M. |
| 245 ## - TITLE STATEMENT | |
| Title | At the very heart of government |
| 260 ## - PUBLICATION, DISTRIBUTION, ETC. | |
| Date of publication, distribution, etc. | 2004 |
| 490 ## - SERIES STATEMENT | |
| Series statement | RICS Business |
| Volume/sequential designation | October 2004, 24-26(3) |
| 520 ## - SUMMARY, ETC. | |
| Summary, etc. | Outlines the ways RICS influences government decision making. RICS makes hundreds of submissions every year to national governments and European institutions at all levels as well as organising a host of meetings with ministers and officials. Explains the effectiveness of RICS intervention in the early stages of policy formulation and states the importance of RICS member involvement in this process through the RICS Public Affairs Committee and the network of policy panels. Stresses the value of RICS' commitment in its Royal Charter to serve the public interest in ensuring RICS gets a good hearing from government. View the article at www.rics.org. |
| 590 ## - LOCAL NOTE (RLIN) | |
| Local note | ABS |
| 590 ## - LOCAL NOTE (RLIN) | |
| Local note | ABS |
| 650 ## - SUBJECT ADDED ENTRY--TOPICAL TERM | |
| Topical term or geographic name entry element | PUBLIC INTEREST |
| 650 ## - SUBJECT ADDED ENTRY--TOPICAL TERM | |
| Topical term or geographic name entry element | GOVERNMENT COMMITTEES |
| 650 ## - SUBJECT ADDED ENTRY--TOPICAL TERM | |
| Topical term or geographic name entry element | EUROPEAN INSTITUTIONS |
| 650 ## - SUBJECT ADDED ENTRY--TOPICAL TERM | |
| Topical term or geographic name entry element | CHARTER |
| 650 ## - SUBJECT ADDED ENTRY--TOPICAL TERM | |
| Topical term or geographic name entry element | POLICY PANELS |
| 650 ## - SUBJECT ADDED ENTRY--TOPICAL TERM | |
| Topical term or geographic name entry element | RICS PUBLIC AFFAIRS COMMITTEE |
| 650 ## - SUBJECT ADDED ENTRY--TOPICAL TERM | |
| Topical term or geographic name entry element | WORKING GROUPS |
| 650 ## - SUBJECT ADDED ENTRY--TOPICAL TERM | |
| Topical term or geographic name entry element | PUBLIC POLICY |
| 650 ## - SUBJECT ADDED ENTRY--TOPICAL TERM | |
| Topical term or geographic name entry element | GOVERNMENT POLICY |
| 690 ## - LOCAL SUBJECT ADDED ENTRY--TOPICAL TERM (OCLC, RLIN) | |
| Topical term or geographic name as entry element | RICS |
| 856 ## - ELECTRONIC LOCATION AND ACCESS | |
| Uniform Resource Identifier | <a href="https://www.rics.org/AboutRICS/rics_bus_oct2004_ricsrole.htm">https://www.rics.org/AboutRICS/rics_bus_oct2004_ricsrole.htm</a> |
| Public note | View the article on the RICS website... |
| 856 ## - ELECTRONIC LOCATION AND ACCESS | |
| Uniform Resource Identifier | <a href="https://www.rics.org/AboutRICS/rics_bus_oct2004_ricsrole.htm">https://www.rics.org/AboutRICS/rics_bus_oct2004_ricsrole.htm</a> |
| Public note | View the article on the RICS website... |
| 942 ## - ADDED ENTRY ELEMENTS (KOHA) | |
| Suppress in OPAC | 0 |
| Withdrawn status | Lost status | Source of classification or shelving scheme | Damaged status | Not for loan | Home library | Current library | Shelving location | Date acquired | Total Checkouts | Full call number | Barcode | Date last seen | Copy number | Price effective from | Koha item type |
|---|---|---|---|---|---|---|---|---|---|---|---|---|---|---|---|
| Dewey Decimal Classification | London | London | Journal article | 18/10/2004 | ABS68386 | 127732-1001 | 06/08/2019 | 1 | 06/08/2019 | Journal article |